Curso de filosofía elemental

Salvato in:
Dettagli Bibliografici
Autore principale: Balmes, Jaime
Altri autori: Diario de Barcelona imp.
Natura: Sconosciuto
Lingua:spagnolo
Pubblicazione: Barcelona s n (Imprenta del Diario de Barcelona) 1863
Edizione:3a ed.
Catalogo:MANES:  Risultati della ricerca del catalogo della biblioteca
Libro di testo Classificazione:
Tags: Aggiungi Tag
Nessun Tag, puoi essere il primo ad aggiungerne!!
Aggiunto a:2016-04-26

MARC

LEADER 000000000a22000000004500
001 34569
003 OSt
008 160427s sp ||||| |||| 00| 0 spa d
040 |a manes  |c manes 
041 |a Español 
100 1 |a Balmes, Jaime  |9 19960 
700 1 |a Diario de Barcelona  |c imp.  |9 20146 
245 0 0 |a Curso de filosofía elemental 
250 |a 3a ed. 
260 3 |a Barcelona  |b s n (Imprenta del Diario de Barcelona)  |c 1863 
300 |c 18 cm 
330 |a 4 v. 
500 |a Signatura: JE3/170(2). Enc. hol. Sólo el t. IV (195, [3] p.).  
690 7 |a FILO 
691 0 |a SE 
942 |2 ddc  |c BK 
546 |a España 
999 |c 41567  |d 41567 
999 |c manes:41567  |d 41567